| 000 | 00702nam a22002057a 4500 | ||
|---|---|---|---|
| 999 |
_c157661 _d157661 |
||
| 005 | 20180924123544.0 | ||
| 010 | _aENG-124037 | ||
| 020 |
_a9789353060466 _c1899.00 |
||
| 035 | _aEN-107569 | ||
| 037 | _bDBAD/PUB | ||
| 082 | _a610.73 | ||
| 100 | _aBerman, Audrey | ||
| 245 |
_a Kozier & ERB'S fundamentals of nursing: _cby Audrey Berman [and] et....all _bconcepts, process and practice / |
||
| 250 | _a10th ed. | ||
| 260 |
_aNoida _bPearson _c2018 |
||
| 270 |
_a15th Floor, Tower B, Worls Trade Tower, Plot No.1, Block -C _bNoida (UP) _e201301 |
||
| 300 |
_a1533p. _c25cm.(pbk) _bill. |
||
| 500 | _aIt includes Appendix A & B, glossary and index | ||
| 942 |
_2ddc _cEN _h610.73 _mBER |
||